000 00761nam a2200229 i 4500
001 105928
003 ES-MaACL
005 20250903072440.0
007 t|
008 060913q19341935sp ||||1| spa d
080 _a929 Jovellanos, Gaspar Melchor de
100 1 _aSantullano, Luis.
_9103549
245 1 0 _aJovellanos
_b: siglo XVIII /
_cLuis Santullano.
260 _aMadrid :
_bM. Aguilar,
_c[entre 1934 y 1935]
300 _a263 p. :
_bretr. ;
_c17 cm.
490 1 _aBiblioteca de la cultura espaƱola
500 _aBiblioteca Juan Andrade.
600 1 0 _aJovellanos, Gaspar Melchor de,
_d1744-1811
_9222580
830 0 0 _aBiblioteca de la cultura espaƱola
_9185912
852 _aES-MaACL
_jAND-953
_bR.110241
999 _c105928
_d105928